Decoding numerals (Record no. 65570)
[ view plain ]
| 000 -CABECERA | |
|---|---|
| campo de control de longitud fija | 00460nam a2200193 a 4500 |
| 005 - FECHA Y HORA DE LA ÚLTIMA TRANSACCIÓN | |
| campo de control | 20210219153003.0 |
| 008 - ELEMENTOS DE LONGITUD FIJA--INFORMACIÓN GENERAL | |
| campo de control de longitud fija | 991125n 000 0 eng u |
| 035 ## - NÚMERO DE CONTROL DEL SISTEMA | |
| Número de control de sistema | UPN01000071120 |
| 100 1# - ASIENTO PRINCIPAL--NOMBRE PERSONAL | |
| Nombre de persona | May, Lola June |
| 222 ## - TÍTULO CLAVE | |
| Título clave | Darien, EUA |
| 222 ## - TÍTULO CLAVE | |
| Título clave | GRADE TEACHER |
| 245 ## - MENCIÓN DE TÍTULO | |
| Título | Decoding numerals |
| 300 ## - DESCRIPCIÓN FÍSICA | |
| Extensión | 104-105 |
| 362 0# - FECHAS DE PUBLICACIÓN Y/O DESIGNACIÓN SECUENCIAL | |
| Fecha de publicación y/o designación secuencial | 1968 Vol. 86, no. 1, sep. |
| 653 0# - TERMINO DE INDIZACION - NO CONTROLADO | |
| Término no controlado | MATEMATICA |
| 653 0# - TERMINO DE INDIZACION - NO CONTROLADO | |
| Término no controlado | NUMEROS |
| 904 ## - ELEMENTOS DE DATOS D LOCAL, LDD (RLIN) | |
| a | AC |
| b | 008931 |
| 905 ## - TIPO DE MATERIAL | |
| Tipo de material | Articulo |
No items available.
